00357nam a2200121Ia 4500003000400000008004100004040001600045082002000061245005800081260008000139300001100219490000500230GCL140319s9999 xx 000 0 ara d aGCL / cGCL04a808.8014bج ر10aالرومانتيكية مالها وما عليها a[S.N] : bالهيئة المصرية العامة للكتاب ، c1986 a378 ص a